| 000 | 00345nam a22001097a 4500 | ||
|---|---|---|---|
| 999 |
_c508459 _d508459 |
||
| 082 | _aHx5411 | ||
| 100 |
_aGovernment of Assam _93788 |
||
| 245 | _aRules for the administration of justice/police in the autonomous district of Assam | ||
| 260 |
_aShillong _bGovernment Press _c1952 |
||
| 300 | _a59p. | ||
| 650 |
_aAdministration - Police - Assam _93789 |
||